000 00612cam a22002171 4500
001 sa 68019827
003 DLC
005 20260227112720.0
008 760211s1965 io c 000 0 ind
010 _asa 68019827
035 _a(OCoLC)1983469
040 _aDLC
_cCtY
_dDLC
042 _apremarc
050 0 0 _aDS35.3
_b.A36 1965
111 2 _aAfrica-Asia Islamic Conference
_n(1st :
_d1965 :
_cBandung, Indonesia)
245 0 0 _aDeklarasi.
250 _a[Tjet. 1.]
260 _aMedan,
_bHarris
_c[1965]
300 _a36 p.
_bport.
_c19 cm.
651 0 _aIslamic countries
_xPolitics and government
_vCongresses.
999 _c89099
_d89099